01019cam a2200265 a 450000500170000000800410001702000150005804000230007304100080009604400070010408200170011110000280012824501110015626000800026730000330034749000590038065000200043965000260045965000490048570000300053470000350056470000290059971000590062871000660068720160531095245.0010324s1998 ck r 00010 spa d a9589328164 ala cladCO.BoIAVH0 aspa ack04a338.1bB42p61 aCabal, Miguel F.eautor10aAspectos de la competitividad del sector de la acuicultura en Colombia / cMiguel F. Cabal y Juan M. Soto. a[Bogotá] : bMinisterio de Agricultura y Desarrollo Rural :bIICA,c1998. a42 páginas ; c24 x 17 cm. aColección documentos IICA serie competitividad ; v916aPescazColombia26aAcuiculturazColombia26aAcuiculturaxAspectos económicoszColombia1 aSoto, Juan Manuel.eautor1 aAldana Navarrete, Hugoeeditor1 aMeek, Elizabethdeditora1 aColombiabMinisterio de Agricultura y Desarrollo Rural2 aInstituto Interamericano de Cooperación para la Agricultura